书目信息 |
| 题名: |
知识经济
|
|
| 作者: | 王兴成 主编 | |
| 分册: | ||
| 出版信息: | 北京 中国经济出版社 1999.01 |
|
| 页数: | 600页 | |
| 开本: | 32开 | |
| 丛书名: | ||
| 单 册: | ||
| 中图分类: | F062.3 | |
| 科图分类: | ||
| 主题词: | 经济学--分支科学 | |
| 电子资源: | ||
| ISBN: | 7-5017-4422-X | |
| 000 | 00551nam0 2200193 45 | |
| 001 | 0012151558 | |
| 005 | 20001215151530.9 | |
| 010 | @a7-5017-4422-X@d48.00元 | |
| 100 | @a20001215d1999 km y0chiy0120 ea | |
| 101 | 0 | @achi |
| 105 | @a z 000yy | |
| 200 | 1 | @a知识经济@AZhi Shi Jing Ji@f王兴成等主编@FWang Xing Cheng Deng Zhu Bian |
| 210 | @a北京@c中国经济出版社@d1999.01 | |
| 215 | @a600页@d32开 | |
| 606 | 0 | @a经济学@x分支科学 |
| 690 | @aF062.3@v3 | |
| 701 | 0 | @a王兴成@4主编 |
| 801 | @aCN@bPftUser@c20001215 | |
| 905 | @b313983-984@dF062.3@eW126@f2 | |
| 知识经济/王兴成等主编.-北京:中国经济出版社,1999.01 |
| 600页;32开 |
| ISBN 7-5017-4422-X:48.00元 |
| ● |
| 相关链接 |
|
|
|
正题名:知识经济
索取号:F062.3/W126
 
预约/预借
| 序号 | 登录号 | 条形码 | 馆藏地/架位号 | 状态 | 备注 |
| 1 | 313983 | 203139834 | 社科二线422/409社科库 64排4列4层/ [索取号:F062.3/W126] | 在馆 | |
| 2 | 313984 | 203139843 | 社科库409/409社科库 64排4列4层/ [索取号:F062.3/W126] | 在馆 |